[Event "Interzonal-14a"]
[Site "Subotica"]
[Date "1987.??.??"]
[Round "4"]
[White "Sax, Gyula"]
[Black "Short, Nigel D"]
[Result "1-0"]
[WhiteElo "2565"]
[BlackElo "2615"]
[Annotator "Ernst,T"]
[PlyCount "75"]
[EventDate "1987.06.??"]
[EventType "tourn"]
[EventRounds "17"]
[EventCountry "YUG"]
[EventCategory "11"]
[SourceTitle "CBM 003"]
[Source "ChessBase"]
[SourceDate "1988.04.01"]
[SourceVersion "1"]
[SourceVersionDate "1988.04.01"]
[SourceQuality "1"]

1. e4 e5 2. Nf3 Nc6 3. Bb5 a6 4. Ba4 Nf6 5. O-O Be7 6. Re1 b5 7. Bb3 d6 8. c3
O-O 9. h3 Bb7 10. d4 Re8 11. a4 h6 12. Nbd2 Bf8 13. Bc2 exd4 14. cxd4 Nb4 15.
Bb1 c5 16. d5 Nd7 17. Ra3 (17. Nf1 f5 $1 18. exf5 Nf6 19. Ne3 Qd7 20. Bd2 Nbxd5
21. Ng4 Rxe1+ 22. Bxe1 Re8 $15) 17... c4 18. Nd4 Ne5 (18... Qf6 19. N2f3 Nd3
20. Bxd3 b4 21. Bxc4 bxa3 22. b3 Nc5 23. Qc2 Qg6 $13) (18... Qb6 $6) 19. axb5
Qb6 20. Nxc4 $1 (20. N2f3) 20... Nxc4 21. Rg3 Bc8 $1 $8 22. Bxh6 axb5 (22...
Nxd5 $2 23. exd5 Rxe1+ 24. Qxe1 Qxd4 25. Bxg7 $1 Qxg7 26. Qe4 $1 $18) 23. Nf3
Ra1 24. Ng5 $6 (24. b3 $1 Ne5 25. Qd2 Ng6 26. Be3 Qa5 27. Bd4 $44) 24... Rxb1
$2 (24... Ne5 $1 25. Qh5 g6 26. Qh4 Nbd3 $1 $17) 25. Qxb1 gxh6 26. Ne6+ Kh8 27.
Nxf8 Rxf8 28. Qc1 $1 Kh7 29. Qc3 Ne5 30. Qxb4 $16 Bd7 31. Qd2 (31. Kh2 $2 Qxf2
32. Qxd6 Rg8 33. Qxe5 Qxe1 34. Rxg8 Kxg8 35. Qe7 $10) 31... Nc4 32. Qd1 b4 33.
b3 Ne5 34. Kh2 Qxf2 35. Rf1 Qb2 36. Qh5 f6 37. Rf4 Qd2 $4 (37... Be8 38. Qf5+
Bg6 $1 (38... Ng6 39. Rfg4 Rg8 40. h4 Qe5 41. h5 Qxf5 42. exf5 Ne7 43. Rxg8
Nxg8 44. Rg4 $16) 39. Qe6 $14) 38. Qxh6+ 1-0

[Event "Boskovic Memorial"]
[Site "Belgrade"]
[Date "2000.10.09"]
[Round "6"]
[White "Georgiev, Kiril"]
[Black "Ivanovic, Bozidar"]
[Result "1-0"]
[WhiteElo "2661"]
[BlackElo "2476"]
[Annotator "Ernst,T"]
[PlyCount "85"]
[EventDate "2000.10.03"]
[EventType "tourn"]
[EventRounds "9"]
[EventCountry "YUG"]
[EventCategory "14"]
[SourceTitle "CBM 080"]
[Source "ChessBase"]
[SourceDate "2001.01.25"]
[SourceVersion "1"]
[SourceVersionDate "2001.01.25"]
[SourceQuality "1"]

1. e4 e5 2. Nf3 Nc6 3. Bb5 a6 4. Ba4 Nf6 5. O-O Be7 6. Re1 b5 7. Bb3 O-O 8. c3
d6 9. h3 Be6 10. d4 exd4 11. cxd4 Bxb3 12. axb3 d5 13. e5 Nd7 14. Nc3 Nb4 15.
Be3 $1 (15. Ne2 Re8 16. Ng3 {Smirin-Stempin/Polanica Zdroj/1989/} g6 $1 $11)
15... Rb8 16. Na2 Nxa2 17. Rxa2 Rb6 18. Bd2 Nb8 19. b4 $16 Qd7 20. Qb3 h6 21.
Kh2 Kh8 22. Ng1 f6 23. f4 f5 24. Nf3 Rg6 25. Qe3 Re6 26. Bc3 Qe8 27. Bd2 g5 {
White threatened g4 anyway.} 28. Qb3 Qd8 29. Ng1 c6 30. Ne2 Qe8 31. g4 $1 $16
fxg4 32. hxg4 h5 33. f5 hxg4 34. Ng3 Rh6+ 35. Kg2 Rh3 36. Rh1 Rxh1 37. Kxh1 Qf7
38. Qd3 Qh7+ 39. Kg1 Rf7 40. b3 Qh3 41. Be1 Rh7 42. f6 Bd8 43. Qg6 1-0

[Event "Baden-Baden-B"]
[Site "Baden-Baden"]
[Date "1992.12.12"]
[Round "7"]
[White "Mainka, Romuald"]
[Black "Xie, Jun"]
[Result "1/2-1/2"]
[WhiteElo "2550"]
[BlackElo "2480"]
[Annotator "Ernst,T"]
[PlyCount "94"]
[EventDate "1992.12.??"]
[EventType "tourn"]
[EventRounds "11"]
[EventCountry "GER"]
[EventCategory "11"]
[SourceTitle "CBM 033"]
[Source "ChessBase"]
[SourceDate "1993.04.01"]
[SourceVersion "1"]
[SourceVersionDate "1993.04.01"]
[SourceQuality "1"]

1. e4 e5 2. Nf3 Nc6 3. Bb5 a6 4. Ba4 Nf6 5. O-O Be7 6. Re1 b5 7. Bb3 d6 8. c3
O-O 9. h3 Nd7 10. d4 Bf6 11. a4 Bb7 (11... Rb8 12. axb5 axb5 13. d5 Ne7 14. Na3
b4 15. cxb4 Rxb4 16. Bd2 Rb8 17. Bc3 g6 18. Nc4 $14 {Suetin-Sokolski,USSR 1953.
}) (11... Rb8 12. axb5 axb5 13. d5 Ne7 14. Na3 Nc5 $5 15. Bc2 c6 16. b4 Na6 17.
dxc6 Nxc6 18. Qe2 Nc7 19. Rd1 Be6 20. Rb1 Qd7 21. Ng5 $14 {Popovic-Agdestein,
Belgrad 1989.}) (11... Rb8 12. axb5 axb5 13. Be3 Ne7 14. Nbd2 c6 15. Nh2 Ng6
16. Ndf3 Qc7 17. g3 $1 Re8 $5 $10 {Short-Agdestein, Reykjavik 1990.}) 12. Na3
exd4 (12... Qb8 $6 13. Bg5 $1 exd4 14. Bxf6 Nxf6 15. cxd4 $16 {De
Firmian-Benjamin, USA (ch) 1988.}) (12... Ne7 13. Rb1 c6 14. Be3 Qc7 15. Ng5 $1
bxa4 16. Bxa4 d5 17. Bc2 h6 18. Nf3 exd4 19. cxd4 dxe4 20. Bxe4 Nd5 21. Bd2
Rfe8 22. Nc4 $16 {Sax-Kortchnoi, Wijk aan Zee (m/2) 1991.}) (12... Re8 13. axb5
axb5 14. d5 Ne7 15. Be3 Ba6 16. Nc2 $14 {Ernst-Adams, London 1991.}) 13. cxd4
Re8 (13... Na5 14. Ba2 b4 15. Nc4 Nxc4 16. Bxc4 Re8 17. Qb3 Rxe4 18. Bxf7+ Kh8
19. Be3 $14 {Kasparov-Karpov, New York WC (12) 1990.}) (13... Nb6 $6 14. Bf4 $1
bxa4 15. Bxa4 Nxa4 16. Qxa4 a5 17. Bd2 $1 $16 {Kasparov-Karpov, wc (18) 1990.})
14. Qd2 (14. Bf4 Na5 15. Bc2 b4 16. Nb1 b3 17. Bd3 c5 18. Nbd2 cxd4 19. Bxd6
Qb6 20. e5 Be7 $13 {Ernst-Tisdall, Gausdal 1991.}) (14. Bc2 Nb6 15. b3 Nb4 16.
Bb1 c5 17. axb5 axb5 18. Bb2 $16 {Polgar,J-Rubinetti, Buenos Aires 1992.})
14... Re7 15. Rb1 (15. Bc2 Nb6 16. a5 Nd7 17. b4 {Kindermann-Smagin, Praha 1992
} Qf8 $1 $13 {Smagin.}) (15. Bc2 Qe8 16. b3 bxa4 17. bxa4 a5 18. Bb1 Nc5 $1 $17
{Adams-Short, BCF-ch 1987.}) 15... bxa4 16. Bxa4 Nb6 17. Bc2 a5 18. Qc3 Nb4 19.
Bg5 Nxc2 20. Qxc2 Rxe4 21. Rxe4 Bxe4 22. Qxe4 Bxg5 23. Nxg5 Qxg5 24. Qc6 Qd5
25. Qxc7 Qxd4 $17 26. Re1 $2 (26. Nb5 $5 Qc5 27. Qxc5 dxc5 $15) 26... g6 $1 27.
Nb5 Qc5 $2 $17 (27... Qb4 $1 $19 28. Nc3 Rc8 29. Qb7 Qxb2 (29... d5 $1 $19 30.
Re7 (30. Rd1 Qxb2 31. Nxd5 Rc1 32. Nf6+ Kg7 33. Ne8+ Kf8 $19) 30... Qxb2 31.
Nxd5 (31. Rxf7 Qxc3 32. Rxh7 Qc1+ 33. Kh2 Qf4+ 34. g3 Qxf2+ 35. Kh1 Rc1#) 31...
Qc1+ 32. Kh2 Nxd5 33. Rxf7 Rc7 $19) 30. Nd5 Rc1 31. Nf6+ Kg7 32. Ne8+ Kh6 33.
Qe4 Rxe1+ 34. Qxe1 Nc4 35. g3 $44) 28. Qxc5 dxc5 29. Rc1 c4 $2 (29... Rb8 30.
Na3 (30. Rxc5 Na4) 30... Nd7) 30. Na3 Rc8 31. Kf1 Kf8 32. Nb5 $1 (32. Ke2 Ke7
33. Kd2 Kd6 34. Kc3 Kc5 $19) 32... Rc6 $6 (32... Rc5 $1 33. Nc3 Re5) 33. Nc3
Rd6 $2 (33... Re6) 34. Ke2 Ke7 35. Ra1 Re6+ 36. Kd2 Re5 37. f4 Rf5 38. g3 g5 $2
(38... h5) 39. Ke3 gxf4+ 40. Ke4 Ke6 41. g4 Re5+ 42. Kxf4 f5 43. Rd1 fxg4 44.
hxg4 Nd5+ 45. Nxd5 Rxd5 46. Rh1 Rd2 47. Ke4 Rxb2 1/2-1/2

[Event "Interzonal-16"]
[Site "Biel"]
[Date "1993.??.??"]
[Round "13"]
[White "Ivanchuk, Vassily"]
[Black "Piket, Jeroen"]
[Result "1-0"]
[WhiteElo "2705"]
[BlackElo "2590"]
[Annotator "Ernst,T"]
[PlyCount "71"]
[EventDate "1993.07.16"]
[EventType "swiss"]
[EventRounds "13"]
[EventCountry "SUI"]
[SourceTitle "CBM 037"]
[Source "ChessBase"]
[SourceDate "1993.12.01"]
[SourceVersion "1"]
[SourceVersionDate "1993.12.01"]
[SourceQuality "1"]

1. e4 e5 2. Nf3 Nc6 3. Bb5 a6 4. Ba4 Nf6 5. O-O Be7 6. Re1 b5 7. Bb3 d6 8. c3
O-O 9. h3 Kh8 $6 (9... Na5) (9... Bb7) 10. d4 exd4 11. Ng5 $1 (11. cxd4 $6 d5
$1 {The idea behind 9...Kh8} 12. Ne5 $5 (12. exd5 Nxd5 13. Nc3 Be6 $10) (12. e5
Ne4 13. Nbd2 (13. Nc3 Nxc3 14. bxc3 Bf5 $10) 13... f5 $1 14. exf6 Nxf6 $10)
12... Bb7 13. Nxc6 Bxc6 14. e5 Ne4 $14) 11... Ne5 (11... Qe8 12. cxd4 $16) (
11... Kg8 12. cxd4 h6 13. Nf3 d5 14. e5 Ne4 15. Nbd2 $16) (11... d5 12. exd5
Nxd5 13. Nxh7 $1 $16 {->}) (11... d3 $5 12. Nxf7+ Rxf7 13. Bxf7 Ne5 14. Bb3 c5
15. c4 $1 (15. f4 c4 16. fxe5 dxe5 17. Qf3 $14) 15... bxc4 16. Ba4 $16) 12.
cxd4 Nc4 13. Nc3 h6 14. Nf3 $16 c6 $6 (14... Bb7 $142) 15. Bxc4 $6 (15. Qe2 $1
{/\ 16.Bc4, 16.e5}) 15... bxc4 16. Qe2 a5 $1 17. Qxc4 d5 18. exd5 cxd5 19. Qd3
$6 (19. Qe2 $1 Bb4 20. Ne5 Ne4 $5 (20... Ba6 21. Qf3 $16) 21. Qh5 $1 (21. Nc6
$6 Qd6 22. Nxb4 Nxc3 23. bxc3 axb4 $14) 21... Kg8 22. Re3 $16) 19... Bb7 $2 (
19... Ba6 20. Qf5 Bb4 $1 21. Bd2 Qc8 $1 22. Qxc8 Rfxc8 23. Ne5 Kg8 24. f3 a4
$14) 20. Bf4 $16 Rc8 $6 (20... Ne4 $142 {/\} 21. Qb5 Ra7 $1) 21. a3 Ne4 22.
Rac1 Qb6 $6 (22... Kg8 {>=}) 23. Qb5 $18 Qxb5 24. Nxb5 a4 25. Ne5 (25. Na7 $5)
25... g5 26. Bh2 Kg7 27. Nd7 Rfd8 28. Rxc8 Bxc8 (28... Rxc8 29. f3) 29. Nb6 Bf6
30. Bc7 $1 Re8 31. f3 Ba6 32. fxe4 Bxb5 (32... Rxe4 33. Rxe4 dxe4 34. Nc3 Bxd4+
35. Kh1 e3 36. Nbxa4) 33. e5 Bd8 34. Rc1 Bc4 35. Bxd8 Rxd8 36. Nxa4 1-0

[Event "Dos Hermanas"]
[Site "Dos Hermanas"]
[Date "1992.??.??"]
[Round "3"]
[White "Akopian, Vladimir Eduardovic"]
[Black "Hodgson, Julian M"]
[Result "1-0"]
[WhiteElo "2605"]
[BlackElo "2545"]
[Annotator "Ernst,T"]
[PlyCount "87"]
[EventDate "1992.05.??"]
[EventType "tourn"]
[EventRounds "9"]
[EventCountry "ESP"]
[EventCategory "10"]
[SourceTitle "CBM 031"]
[Source "ChessBase"]
[SourceDate "1992.12.01"]
[SourceVersion "1"]
[SourceVersionDate "1992.12.01"]
[SourceQuality "1"]

1. e4 e5 2. Nf3 Nc6 3. Bb5 a6 4. Ba4 Nf6 5. O-O Be7 6. Re1 b5 7. Bb3 d6 8. c3
O-O 9. h3 Nd7 10. d4 Nb6 11. Nbd2 exd4 (11... Bf6 12. Nf1 Re8 13. N1h2 exd4 14.
cxd4 Na5 15. Bc2 c5 16. b3 $1 Nc6 17. Bb2 Ra7 18. e5 $1 dxe5 19. dxc5 Nd5 20.
Ng4 Bxg4 21. hxg4 g6 22. Nd2 $1 $16 {Popovic,P-Salov,V/Manila izt/1990/}) 12.
Nxd4 (12. cxd4 Nb4 13. Nf1 c5 14. a3 Nc6 15. Ng3 Nxd4 16. Nxd4 cxd4 17. Qxd4
Bf6 18. Qb4 Be6 19. Nh5 $1 $14 {Sokolov,A- Adams,M/France/1992/}) 12... Nxd4
13. cxd4 c5 14. Nf3 $16 c4 15. Bc2 d5 16. e5 b4 17. Nh2 a5 18. Qh5 g6 19. Qh6
Re8 20. h4 Bf8 (20... Bxh4 21. Nf3 Be7 22. Ng5 Bxg5 23. Bxg5 $18) 21. Qf4 a4
22. h5 b3 23. Bd1 Bb4 24. Re3 Bf5 25. Rg3 Kh8 26. a3 Bf8 27. Bd2 Ra7 28. Ng4
Bxg4 29. Bxg4 f5 30. Be2 Re6 31. hxg6 hxg6 32. Rh3+ Kg8 33. g4 Rf7 34. Kg2 Bg7
35. Rah1 fxg4 36. Qxg4 Rf5 37. Rf3 Qf8 38. Bb4 Qe8 39. Rxf5 gxf5 40. Qxf5 Qg6+
41. Bg4 $18 Qxf5 42. Bxf5 Rh6 43. Rxh6 Bxh6 44. e6 1-0

[Event "Oakham YM"]
[Site "Oakham"]
[Date "1992.??.??"]
[Round "5"]
[White "Nielsen, Peter Heine"]
[Black "Livshits, Ron"]
[Result "1-0"]
[WhiteElo "2420"]
[BlackElo "2310"]
[Annotator "Ernst,T"]
[PlyCount "83"]
[EventDate "1992.03.??"]
[EventType "swiss"]
[EventRounds "9"]
[EventCountry "ENG"]
[SourceTitle "CBM 030"]
[Source "ChessBase"]
[SourceDate "1992.10.01"]
[SourceVersion "1"]
[SourceVersionDate "1992.10.01"]
[SourceQuality "1"]

1. e4 e5 2. Nf3 Nc6 3. Bb5 a6 4. Ba4 Nf6 5. O-O Be7 6. Re1 b5 7. Bb3 d6 8. c3
O-O 9. h3 Bb7 10. d4 Re8 11. Nbd2 Bf8 12. a4 g6 13. d5 (13. Ng5 Re7 14. d5 Nb8
15. Qe2 $16 {Ernst - Lundberg, Stockholm 1992.}) 13... Nb8 14. Qe2 c6 15. dxc6
Bxc6 16. axb5 Bxb5 17. Bc4 Bc6 18. Nh2 Nbd7 19. Rxa6 Rxa6 20. Bxa6 $16 d5 21.
Bb5 Bb7 22. Ng4 Re6 23. exd5 Nxd5 24. Ne4 Nc5 25. Ng5 Re7 26. Qc4 Qb6 27. b4
Ne6 28. Nxe6 Rxe6 29. Rxe5 h5 30. Rxe6 Qxe6 31. Ne3 Bd6 32. Nxd5 Bxd5 33. Qe2
$18 Qf6 34. c4 Be6 35. c5 Bc7 36. Qe3 Qa1 37. Bf1 Be5 38. b5 Bf5 39. b6 Bd4 40.
Qa3 Qb1 41. Be3 Bb2 42. Qb3 1-0

[Event "Dos Hermanas"]
[Site "Dos Hermanas"]
[Date "1993.??.??"]
[Round "5"]
[White "Magem Badals, Jordi"]
[Black "Karpov, Anatoly"]
[Result "0-1"]
[WhiteElo "2510"]
[BlackElo "2725"]
[Annotator "Ernst,T"]
[PlyCount "66"]
[EventDate "1993.04.??"]
[EventType "tourn"]
[EventRounds "9"]
[EventCountry "ESP"]
[EventCategory "14"]
[SourceTitle "CBM 036"]
[Source "ChessBase"]
[SourceDate "1993.10.01"]
[SourceVersion "1"]
[SourceVersionDate "1993.10.01"]
[SourceQuality "1"]

1. e4 {Wedberg} e5 2. Nf3 Nc6 3. Bb5 a6 4. Ba4 Nf6 5. O-O Be7 6. Re1 b5 7. Bb3
d6 8. c3 O-O 9. h3 Bb7 10. d4 Re8 11. Ng5 Rf8 12. Nf3 Re8 13. Nbd2 Bf8 14. Bc2
g6 15. d5 Nb8 16. b3 c6 17. c4 Qc7 $1 {Gutman} (17... Bh6 $5 18. b4 (18. a4 b4
19. Nf1 (19. dxc6 Nxc6 $10) 19... Bxc1 20. Rxc1 c5 $1 $10 {Rajna,G-Orlov,P/
Pancevo/1987/}) 18... Qc7 $1 $10 {Hawelko-Lukacs/Polanica Zdroj/1986/}) (17...
a5 18. Nf1 (18. dxc6 Bxc6 19. cxb5 Bxb5 20. Nc4 Na6 $10 {Ljubojevic-Karpov/
Linares/1991/,/Amsterdam Euwe-mem/1991/} (20... Nc6 {Wedberg} 21. Bg5 Nb4 22.
Ne3 Be7 23. Bxf6 Bxf6 24. a3 Nxc2 25. Qxc2 {+/= Magem Badals-Karpov, Madrid
1992})) 18... Nbd7 19. Be3 $1 Qc7 20. Rc1 bxc4 21. bxc4 Reb8 22. Ng3 Ba6 23.
Ba4 $1 $16 {Liberzon-Shvidler/Israel/1984/}) 18. Nf1 Nbd7 19. Be3 (19. Bg5 Rec8
20. Rc1 Be7 21. Ng3 bxc4 22. bxc4 a5 23. Bd2 Nc5 24. Be3 cxd5 25. cxd5 Qd8 $10
{Psakhis-Agdestein/Novi Sad (ol)/1990/}) 19... Nc5 20. Ng3 a5 21. Qd2 Nfd7 22.
cxb5 $2 cxd5 $1 23. exd5 Nf6 24. Rac1 Nxd5 25. Bxc5 dxc5 26. Bd3 Rad8 $17 27.
Bc4 Bg7 28. Ne4 Nf6 29. Qc2 (29. Nxf6+ Bxf6 30. Qc2 (30. Qe3 {Wedberg} e4 $17)
30... e4 31. Nd2 Bg5 32. Rcd1 e3 33. Nf3 Bxf3 $17) 29... Nxe4 30. Rxe4 Bxe4 31.
Qxe4 Bh6 $19 32. Re1 Kg7 33. g4 Bf4 0-1

[Event "Minsk"]
[Site "Minsk"]
[Date "1993.??.??"]
[Round "?"]
[White "Nielsen, Peter Heine"]
[Black "Zaitsev, Igor A"]
[Result "1-0"]
[WhiteElo "2440"]
[BlackElo "2450"]
[Annotator "Ernst,T"]
[PlyCount "91"]
[EventDate "1993.03.??"]
[EventType "tourn"]
[EventRounds "11"]
[EventCountry "BLR"]
[EventCategory "9"]
[SourceTitle "CBM 036"]
[Source "ChessBase"]
[SourceDate "1993.10.01"]
[SourceVersion "1"]
[SourceVersionDate "1993.10.01"]
[SourceQuality "1"]

1. e4 {Wedberg} e5 2. Nf3 Nc6 3. Bb5 a6 4. Ba4 Nf6 5. O-O Be7 6. Re1 b5 7. Bb3
d6 8. c3 O-O 9. h3 a5 10. d4 a4 11. Bc2 Bd7 12. Nbd2 (12. Bd3 Qb8 13. Na3 b4 (
13... exd4 {Wedberg} 14. cxd4 Nb4 15. Bb1 Qb7 16. Bg5 Rad8 17. Nc2 Nc6 18. Ne3
Rfe8 {+/= Renet-Agdestein, Lyon 1988}) 14. Nc4 $16 {Wolff,P-Hebden,M/London/
1990/}) 12... Re8 13. Nf1 Bf8 14. Ng3 g6 (14... h6 15. Nh2 Na5 $10 {
Wolff-Razuvaev/New York/1989/}) 15. Bd3 Qb8 16. Bg5 Bg7 17. Qd2 Nd8 (17... a3
18. bxa3 Rxa3 19. Reb1 $16) 18. Bc2 Ne6 19. Be3 c6 20. Rad1 Re7 21. Bb1 Ne8 22.
Ng5 $1 Nxg5 23. Bxg5 f6 24. Be3 $16 Be6 25. h4 Qc8 (25... h5 $5 {Wedberg}) 26.
h5 Rb8 27. hxg6 hxg6 28. f4 exf4 29. Bxf4 Bf7 30. Qf2 Qg4 31. Nf1 Rd8 32. Rd3
Nc7 33. Nh2 Qd7 34. Rh3 Ne6 35. Ng4 f5 (35... Nxf4 36. Qxf4 Re6 37. Rf1 $16)
36. Nh6+ Kf8 37. Bd2 fxe4 38. Bxe4 Rde8 39. Rf1 Nd8 40. Bd3 (40. Bxg6 Re2 41.
Qf4 $18) 40... Qe6 41. Bg5 Qxa2 42. Bxe7+ Rxe7 43. Bxg6 Bxh6 44. Rxh6 Qe6 45.
Qh4 Qe3+ 46. Kh2 1-0

[Event "Interzonal-13a"]
[Site "Tunis"]
[Date "1985.04.29"]
[Round "3"]
[White "De Firmian, Nick E"]
[Black "Beliavsky, Alexander G"]
[Result "0-1"]
[WhiteElo "2540"]
[BlackElo "2635"]
[Annotator "Ernst,T"]
[PlyCount "80"]
[EventDate "1985.04.27"]
[EventType "tourn"]
[EventRounds "17"]
[EventCountry "TUN"]
[EventCategory "11"]
[SourceTitle "IZT"]
[Source "ChessBase"]
[SourceDate "1999.07.01"]
[SourceVersion "1"]
[SourceVersionDate "1999.07.01"]
[SourceQuality "1"]

1. e4 e5 2. Nf3 Nc6 3. Bb5 a6 4. Ba4 Nf6 5. O-O Be7 6. Re1 b5 7. Bb3 d6 8. c3
O-O 9. h3 Re8 10. d4 Bb7 11. a4 h6 12. Nbd2 Bf8 13. Bc2 exd4 14. cxd4 Nb4 15.
Bb1 c5 16. d5 Nd7 17. Nf1 f5 $1 $15 18. exf5 Nf6 $1 19. Bd2 $6 (19. N1h2 Bxd5)
(19. Rxe8 Qxe8 20. N1h2 Qf7 21. Ng4 Nxg4 22. hxg4 Qxd5 23. Qe2 Bc6 $1 $15 {
/\ Re8}) (19. Ne3 Nbxd5 20. Ba2 c4 $15) 19... Nbxd5 20. Ng3 Qd7 21. Ne4 (21.
axb5 $5 axb5 22. Rxa8 $15) 21... b4 $1 $36 22. Nh2 Nxe4 $1 23. Bxe4 Nf6 24.
Bxb7 Rxe1+ $1 25. Bxe1 Qxb7 26. Ng4 Nxg4 27. Qxg4 Re8 28. Bd2 (28. f6 $2 Qe4)
28... Re4 $1 29. Qg3 (29. Qf3 Be7 $17) 29... Qd5 $1 30. Bxh6 (30. f6 Qe5) 30...
Qxf5 31. Be3 d5 32. b3 c4 $19 33. Rd1 cxb3 34. Rd2 Qf6 35. Qc7 Rc4 36. Qb7 Rc1+
37. Kh2 Bd6+ 38. f4 Bxf4+ 39. g3 Bxe3 40. Qxd5+ Kh7 0-1

[Event "Nikolaev zt"]
[Site "Nikolaev"]
[Date "1995.??.??"]
[Round "8"]
[White "Frolov, Artur"]
[Black "Zulfugarli, Magomed"]
[Result "1-0"]
[WhiteElo "2545"]
[BlackElo "2400"]
[Annotator "Ernst,T"]
[PlyCount "103"]
[EventDate "1995.03.??"]
[EventType "swiss"]
[EventRounds "11"]
[EventCountry "UKR"]
[SourceTitle "CBM 047"]
[Source "ChessBase"]
[SourceDate "1995.08.01"]
[SourceVersion "1"]
[SourceVersionDate "1995.08.01"]
[SourceQuality "1"]

1. e4 e5 2. Nf3 Nc6 3. Bb5 a6 4. Ba4 Nf6 5. O-O Be7 6. Re1 b5 7. Bb3 d6 8. c3
O-O 9. h3 Bb7 10. d4 Re8 11. Nbd2 Bf8 12. a4 h6 13. Bc2 exd4 14. cxd4 Nb4 15.
Bb1 g6 {[#]} 16. d5 $146 (16. Ra3 Bg7 17. e5 $1 $14 (17. Rae3 $6 c5 18. d5 Nd7
19. axb5 axb5 20. Nf1 Nb6 $10 {<=><<})) (16. Nh2) 16... c6 (16... c5 $5 17. Ra3
Bg7 $10 {- 16.Ra3}) 17. Qb3 a5 18. dxc6 bxa4 19. Qxa4 Bxc6 20. Qd1 $14 {[#]}
Bg7 (20... d5 21. e5 Ne4 22. Nxe4 dxe4 23. Qxd8 Rexd8 24. Bxe4 Bxe4 25. Rxe4
Nc2 $1 26. Rb1 Rd1+ $44) 21. Ra3 Ra7 22. Nd4 Ba8 23. Nc2 Rae7 24. Nxb4 axb4 25.
Rae3 {[#]} Qc8 $2 (25... d5 26. e5 Ne4 $1 27. Nxe4 dxe4 28. Qxd8 Rxd8 29. Bxe4
Bxe4 30. Rxe4 Rxe5 $1 (30... Bxe5 31. Bxh6 $16) 31. Rxe5 Bxe5 32. Rxe5 Rd1+ 33.
Kh2 Rxc1 34. Re4 Rc2 $10) 26. b3 d5 27. e5 Nd7 28. f4 Nc5 29. Bb2 {[#]} Ne6 (
29... d4 30. Bxd4 Ne6 31. Nc4 $1 $16 {/\ 32.Nd6}) 30. f5 $16 d4 31. Rg3 Nf4 32.
fxg6 f6 33. Bxd4 fxe5 34. Be3 $18 Rd8 35. Qc2 Rc7 36. Nc4 Qb7 37. Bb6 Rd3 38.
Rxd3 Nxd3 39. Rd1 $1 Rxc4 (39... Rd7 $142) 40. Qxc4+ Kh8 41. Qg4 Qxb6+ 42. Kh2
Qc7 43. Rxd3 e4+ 44. Rg3 Bd5 (44... Be5 45. g7+ $18) 45. Bxe4 Bxe4 46. Qxe4 Be5
47. Qf3 $1 (47. g7+ $2 Qxg7 $1) 47... Kg7 48. h4 Bf4 49. h5 Bxg3+ 50. Qxg3 Qc5
51. Qf3 Qe5+ 52. g3 1-0

[Event "Rishon Le Ziyyon YM"]
[Site "Rishon Le Ziyyon"]
[Date "1995.??.??"]
[Round "7"]
[White "Shmuter, Leonid"]
[Black "Liss, Eran"]
[Result "1-0"]
[WhiteElo "2480"]
[BlackElo "2465"]
[Annotator "Ernst,T"]
[PlyCount "101"]
[EventDate "1995.02.??"]
[EventType "tourn"]
[EventRounds "11"]
[EventCountry "ISR"]
[EventCategory "11"]
[SourceTitle "CBM 046"]
[Source "ChessBase"]
[SourceDate "1995.06.01"]
[SourceVersion "1"]
[SourceVersionDate "1995.06.01"]
[SourceQuality "1"]

1. e4 e5 2. Nf3 Nc6 3. Bb5 a6 4. Ba4 Nf6 5. O-O Be7 6. Re1 b5 7. Bb3 d6 8. c3
O-O 9. h3 Re8 10. d4 Bb7 11. Nbd2 Bf8 12. Bc2 g6 13. d5 Nb8 (13... Ne7) 14. b3
c6 15. c4 Nbd7 16. Nf1 {[#]} (16. a4) 16... Nc5 $146 (16... bxc4) (16... Qc7 {
/\ 17..Rec8}) 17. N3h2 Rc8 18. Ng4 {[#]} Ncxe4 19. Rxe4 $1 Nxe4 20. Bxe4 c5 (
20... f5 $2 21. dxc6 $1 $18) 21. Qf3 $1 (21. Nh6+ $2 Bxh6 22. Bxh6 Qh4 $19) (
21. Bc2 f5 $13) 21... f5 22. Bxf5 gxf5 23. Qxf5 {[#]} Bg7 24. Ng3 Rf8 (24...
Rc7 25. Ne4 Rf7 26. Qh5 $16 {/\ 26.Ng5}) 25. Qe6+ Kh8 26. Ne4 $18 Rc7 27. Bg5
Qd7 28. Nxd6 h5 29. Ne3 Bc8 30. Qg6 bxc4 31. bxc4 e4 32. Qxh5+ $1 Kg8 33. Qg6
Kh8 34. Rf1 Bd4 35. Nxe4 Qh7 36. Qxh7+ Kxh7 37. h4 Kg6 38. Nd6 Bd7 39. Rb1 Be5
40. Rb6 Kh7 41. Ne4 a5 42. d6 Ra7 43. Nxc5 Bd4 44. Nxd7 Rxd7 45. Rc6 Rb8 46. g3
Kg6 47. c5 Rb5 48. Nc4 $1 Kh5 (48... Rxc5 $2 49. Rxc5 Bxc5 50. Ne5+) 49. Kg2
Rxc5 50. Rxc5 Bxc5 51. Ne5 {/\ 52.g4#} 1-0

[Event "Interzonal-12c"]
[Site "Moscow"]
[Date "1982.09.13"]
[Round "6"]
[White "Kasparov, Garry"]
[Black "Beliavsky, Alexander G"]
[Result "1/2-1/2"]
[WhiteElo "2675"]
[BlackElo "2615"]
[Annotator "Ernst,T"]
[PlyCount "81"]
[EventDate "1982.09.07"]
[EventType "tourn"]
[EventRounds "13"]
[EventCountry "URS"]
[EventCategory "12"]
[SourceTitle "IZT"]
[Source "ChessBase"]
[SourceDate "1999.07.01"]
[SourceVersion "1"]
[SourceVersionDate "1999.07.01"]
[SourceQuality "1"]

1. e4 e5 2. Nf3 Nc6 3. Bb5 a6 4. Ba4 Nf6 5. O-O Be7 6. Re1 b5 7. Bb3 d6 8. c3
O-O 9. h3 Bb7 10. d4 Re8 11. a4 h6 12. Nbd2 Bf8 13. Bc2 exd4 14. cxd4 Nb4 15.
Bb1 bxa4 16. Rxa4 a5 17. Ra3 g6 18. e5 $5 dxe5 19. dxe5 Nh5 $1 (19... Nfd5 $2
20. Ne4 $16) 20. Nh2 $6 (20. Be4 $6 Bxe4 21. Rxe4 Bc5 $1 $15) (20. e6 f5 $13) (
20. Ne4 Qxd1 21. Rxd1 Red8 $13) (20. Qb3 $5 $14 {Kasparov}) 20... Qd5 (20...
Nf4 21. Ne4 $1 Qxd1 22. Rxd1 Ne2+ 23. Kf1 Nxc1 24. Nf6+ Kh8 25. Nxe8 Ba6+ 26.
Ke1 Nbd3+ 27. Bxd3 Nxd3+ 28. Raxd3 Bxd3 29. Rxd3 Rxe8 $10) 21. Ndf3 Rxe5 $3 22.
Ng4 $1 Rxe1+ 23. Qxe1 Kh7 24. Re3 Rd8 25. Bd2 $1 $44 Qd6 (25... Bg7) 26. Nge5
$1 Bd5 $6 (26... Kg8 $1) 27. Nh4 Kg8 28. Nexg6 $6 (28. Nhxg6 $1) 28... fxg6 29.
Bxg6 Bf7 30. Bxh5 Bxh5 31. Rg3+ Kf7 32. Qe4 Qxd2 33. Qf5+ Ke7 34. Re3+ Qxe3 35.
fxe3 Rd1+ 36. Kh2 Rd5 37. Qc8 Kf7 38. g4 Bd6+ 39. Kg2 Bg6 40. Nxg6 Kxg6 41.
Qg8+ 1/2-1/2

[Event "FRA-ch"]
[Site "Montpellier"]
[Date "1991.??.??"]
[Round "?"]
[White "Renet, Olivier"]
[Black "Miralles, Gilles"]
[Result "1/2-1/2"]
[WhiteElo "2485"]
[BlackElo "2445"]
[Annotator "Ernst,T"]
[PlyCount "43"]
[EventDate "1991.08.??"]
[EventType "tourn"]
[EventRounds "15"]
[EventCountry "FRA"]
[EventCategory "8"]
[SourceTitle "CBM 027"]
[Source "ChessBase"]
[SourceDate "1992.04.01"]
[SourceVersion "1"]
[SourceVersionDate "1992.04.01"]
[SourceQuality "1"]

1. e4 e5 2. Nf3 Nc6 3. Bb5 a6 4. Ba4 Nf6 5. O-O Be7 6. Re1 b5 7. Bb3 d6 8. c3
O-O 9. h3 Nd7 10. d4 Nb6 11. Nbd2 exd4 12. cxd4 Nb4 13. Nf1 c5 14. a3 Nc6 15.
Ne3 (15. Be3 Na5 16. Bc2 Nbc4 17. Bc1 cxd4 18. Nxd4 Bf6 19. Rb1 d5 20. exd5 Bb7
21. Nf5 Qxd5 22. Qxd5 Bxd5 23. b3 Nb6 24. Be3 Rab8 25. N1g3 Be6 26. Ne4 Nd5 27.
Nxf6+ Nxf6 28. Ba7 $1 Rb7 29. Bc5 Rc8 30. b4 Nc4 31. Rbc1 $16 {Adorjan - Yvkov,
Vrbas 1980.}) 15... cxd4 16. Nxd4 Nxd4 17. Qxd4 Be6 18. Qd1 Rc8 19. Rb1 Qd7 20.
Bd2 Bf6 {Die Stellung ist völlig ausgeglichen.} 21. Ba5 Bxb3 22. Qxb3 1/2-1/2